Quizzes
Events
Quiz Creation
Community
Videos
Private Events
Remove Ads
Sign In
Join for FREE
Feedback
Dark Mode
Quiz Categories
Sports
Geography
Music
Movies
Television
Just For Fun
Miscellaneous
History
Literature
Language
Science
Gaming
Entertainment
Religion
Holiday
For Kids
Quiz Lab
Recent
Popular Today
Quiz Kudos Today
Editor Picks
Curator Picks
Quizzes by...
Day
Popularity
Type
Ratings
Length
Year
Community
Subscriptions
Recent Discussions
Orange Saloon
Badges
Playlists
Quests
Create
Leaderboards
Showdown
Live 5
Trivia Bingo
Activity
Puzzle Library
Sporcle Events
Private Events
Virtual Trivia
Globe League
Become a Host
Pub Owners
SporcleCon
Opinionation
Our Games
Videos
Blog
Mobile Apps
Partnerships
Remove Ads and Go Orange
Feedback
Television
TV Characters
TV Show
Sitcom
Network
Friends
Reality Shows
Cast
South Park
Star Trek
The Simpsons
Doctor Who
Television
TV Characters
TV Show
Sitcom
Network
Friends
Reality Shows
Cast
South Park
Star Trek
The Simpsons
Doctor Who
Random Quiz
Search Sporcle
×
Quiz Lab
Quiz Lab
Television
ABDC
Type in answers that appear in a list
Type in answers that appear in a list
Classic
Best Score? Go Orange.
ABDC All Crews Stats
Can you name the 66 crews from ABDC Seasons 1-7?
By
surferlogan21
6m
66 Questions
297 Plays
297 Plays
297 Plays
Comments
Comments
Give Quiz Kudos
Give Quiz Kudos
-
- Ratings
hide this ad
Replay
Link that replays current quiz
Next Quiz
Link to next quiz in quiz playlist
You Got
0%
They Got
Avg Score
53%
Avg Friend Score
Upgrade to see
Score Distribution
Jump to the score distribution portion of the page
Score
0/66
Timer
06:00
0
Plays Today
Season
Crew
% Correct
3
Quest Crew
85.2%
1
ICONic
83.2%
1
Jabbawockeez
78.1%
5
Poreotix
77.4%
4
We Are Heroes
75.8%
7
Fanny Pak
73.5%
2
Super Cr3w
72.7%
6
IaMmE
71.4%
3
Beat Freaks
70.7%
1
Kaba Modern
69%
2
Fanny Pak
67.3%
6
ICONic Boyz
67%
1
Status Quo
65.3%
2
SoReal Cru
64.6%
7
8 Flavahz
64.6%
7
Elektrolytes
63%
1
BreakSk8
62%
5
Blueprint Cru
61.3%
7
Mos Wanted Crew
60.8%
3
Fly Khicks
60.3%
7
Rated Next Generation
59.7%
1
Fysh N Chicks
59.3%
2
Boogie Bots
58.9%
3
G.O.P. Dance
58.9%
5
Hype 5-0
58.9%
2
A.S.I.I.D.
58.6%
5
Jungle Boogie
58.6%
4
AfroBorike
57.9%
4
Fr3sh
56.9%
1
Live in Color
56.6%
3
Strikers All-Stars
56.2%
3
Dynamic Edition
55.6%
1
Femme 5
54.2%
Season
Crew
% Correct
1
Enigma
54.2%
3
Ringmasters
54.2%
4
Massive Monkees
53.9%
4
Southern Movement
53.9%
5
Saltare
53.9%
2
Sass x7
53.2%
5
Static Noyze
52.9%
6
Street Kingdom
52.9%
2
Supreme Soul
52.5%
2
Distorted X
52.2%
3
Boxcuttuhz
51.9%
6
Phunk Phenomenon
51.9%
5
Heavy Impact
51.5%
6
787 Crew
51.2%
6
Instant Noodles
50.8%
6
Jag6ed
50.8%
4
Rhythm City
50.2%
6
ReQuest
50.2%
4
Vogue Evolution
49.5%
2
Phresh Select
49.2%
3
Team Millenia
49.2%
4
Beat Ya Feet Kings
48.5%
2
Xtreme Dance Force
47.5%
5
Royal Flush
47.5%
5
Swagger Crew
46.8%
7
Collizion Crew
46.4%
7
Mix'd Elements
46.4%
4
Artistry in Motion
46.1%
7
Stepboys
44.2%
6
FootworKINGz
43.4%
7
Irratik
43.1%
6
Eclectic Gentlemen
40.7%
7
Funkdation
40.3%
Quiz Playlist
Details
Report
Send in Message
Add To Playlist
Classic:
Type in answers that appear in a list
Last Updated: Feb 16, 2017
Quiz Scoreboard
CHALLENGE
Sign Up to Join the Scoreboard
Show All
Scores
Hide
Comments
May contain spoilers
Recently Published
NBA Finals Game Top Scorers (2010s)
by flibbidy
Sports
5m
Guess the 'R' Things in 3 Words
by MSUKent
Miscellaneous
3m
Actor to Badly Drawn Movie III
by MoMosMoProblems
Movies
5m
More to Explore
Quiz From the Vault
Featured Blog Post
Where Does Lost Luggage Go?
hide this ad
You Might Also Like...
Tags
1-5
ABDC
Crew
place
season
Today's Top Quizzes in Television
Browse Television
hide this ad
Top Contributed Quizzes in Television
1
Hidden Simpsons Character
2
First Name TV: Leading Men
3
Hidden Simpsons Character II
4
Hidden Simpsons Character III
5
First Name TV: Leading Women Drama
6
Hidden Simpsons Character IV
7
Hidden Simpsons Character V
8
Hidden Simpsons Character VI
9
Hidden Simpsons Character VII
10
Pick A Pair: Religious TV
Explore More
Trending Topics
Harry Potter
Disney
Kpop
NBA
Anime
Crossword
Marvel
The Office
WWE
Pokémon
Country
Puzzle
NFL
Soccer
Song
hide this ad
More By:
surferlogan21
Quiz
Plays
Rating
Category
Featured
Created
General Knowledge Geography
7,374
3.24
Geography
Mar 7, 2011
The Challenge: Cutthroat Teams
612
3.00
Television
Dec 23, 2010
Knott's Berry Farm Roller Coasters
409
4.50
Entertainment
Jul 27, 2010
ABDC All Crews
297
Television
Jul 10, 2010
America's Got Talent 2010 Top 65
162
4.00
Television
Aug 4, 2010
Go to Creator's Profile
Score Distribution
Quiz Creator Spotlight
surferlogan21
Follow
Send a Message
Quizzes Created
-
Created Quiz Play Count
-
More By This Creator
Popular Quizzes Today
1
Find the US States - No Outlines Minefield
2
Find the US States
3
The Countries of the World
4
10 Largest US States in Order
5
Find the Countries of Europe - No Outlines Minefield
6
US States
7
Guess the 'R' Things in 3 Words
8
NBA Finals Game Top Scorers (2010s)
More Television Quizzes
Find the Friends Characters
Quiz Lab
Trending Quizzes
First Name TV: Leading Men
Match the Book to the Film II
First Name TV: Leading Women Drama
Match the Book to the Film VI
Pick A Pair: Religious TV
Recently Updated
Women's Final Four Teams by Year
bhenderson79
Presidents Quartet II
eogle
Anything But Clue(do)
eogle
Anything But Oceanian Capitals
eogle
Anything But 7
eogle
Anything But Thing
eogle
Word Ladder: February 29
pecheneg
Song Title Questions
pecheneg
Women's NCAA Tournament #1 Seeds
pecheneg
Celebrity Mug Shots
pecheneg
Trending Topics
Harry Potter
Crossword
Anime
Marvel
Kpop
NBA
Disney
NFL
Pokémon
Country
Soccer
Song
Puzzle
The Office
WWE
Your Account Isn't Verified!
In order to create a playlist on Sporcle, you need to verify the email address you used during registration. Go to your
Sporcle Settings
to finish the process.
Report this User
Report this user for behavior that violates our
Community Guidelines
.
Details:
Send Report
Go to the Sporcle.com Mobile Site →
Comments